| 000 | 00432 a2200169 4500 | ||
|---|---|---|---|
| 003 | Nust | ||
| 005 | 20170207154600.0 | ||
| 020 | _a9780821246605 | ||
| 040 | _cNust | ||
| 082 | _a515.724 | ||
| 100 | _aTesch, Gerald | ||
| 245 |
_aMathematical methods in quantum in mechanics with applications (E-BOOK) _cGerald Tesch |
||
| 260 |
_aNew York _bAMS _c2009 |
||
| 300 | _a317 p. | ||
| 650 | _aSchrodinger operators | ||
| 651 | _aQuantum theory | ||
| 942 |
_2ddc _cBK |
||
| 999 |
_c198566 _d198566 |
||